|
|
|
|
| LEADER |
00777cam a2200193 7i4500 |
| 001 |
0000049122 |
| 005 |
20190423090000.0 |
| 020 |
|
|
|a 9789671329504 (hbk.)
|
| 020 |
|
|
|a 9671329500 (hbk.)
|
| 090 |
0 |
0 |
|a GB1359
|b .T48 2015
|
| 245 |
0 |
0 |
|a Through the years :
|b 15th anniversary Lembaga Urus Air Selangor (LUAS)
|c chief editor Ishak bin Kamaruzaman, editor Rosnazlina binti Rosali.
|
| 260 |
|
|
|a Shah Alam, Selangor:
|b Lembaga Urus Air Selangor,
|c 2015.
|
| 300 |
|
|
|a iii, 66 p.:
|b col. ill.;
|c 19 cm.
|
| 610 |
2 |
|
|a Lembaga Urus Air Selangor --
|x History
|
| 650 |
0 |
0 |
|a Rivers --
|x Management --
|z Selangor
|
| 650 |
0 |
0 |
|a Water-supply --
|z Selangor
|
| 700 |
0 |
|
|a Ishak Kamaruzaman
|
| 700 |
0 |
|
|a Rosnazlina Rosali
|
| 999 |
|
|
|a 0000058050
|b BOK
|c GOVERNMENT PUBLICATION
|e Ground Floor, Bestari Jaya
|